María Aurora Campos (Record no. 21844)

MARC details
000 -CABECERA
campo de control de longitud fija 01140nam a2200301 4500
003 - IDENTIFICADOR DEL NÚMERO DE CONTROL
campo de control OSt
005 - FECHA Y HORA DE LA ÚLTIMA TRANSACCIÓN
campo de control 20260601193851.0
008 - DATOS DE LONGITUD FIJA--INFORMACIÓN GENERAL
campo de control de longitud fija 260506b2005 mx ||||| |||| 00| 0 spa d
040 ## - FUENTE DE LA CATALOGACIÓN
Centro catalogador/agencia de origen ICI
Lengua de catalogación SPA
Centro/agencia transcriptor ICI
041 ## - CÓDIGO DE LENGUA
Código de lengua del texto/banda sonora o título independiente spa
050 ## - SIGNATURA TOPOGRÁFICA DE LA BIBLIOTECA DEL CONGRESO
Número de clasificación NK1414.Z9
Número de documento/Ítem C36
100 #1 - ENTRADA PRINCIPAL--NOMBRE DE PERSONA
Nombre de persona Campos, María Aurora
Término indicativo de función/relación artista
9 (RLIN) 32245
245 #1 - MENCIÓN DE TÍTULO
Título María Aurora Campos
Mención de responsabilidad, etc. coordinación editorial Eugenia González
264 ## - PRODUCCIÓN, PUBLICACIÓN, DISTRIBUCIÓN, FABRICACIÓN Y COPYRIGHT
Producción, publicación, distribución, fabricación y copyright [México] :
Nombre del de productor, editor, distribuidor, fabricante Biblioteca de Diseño Quórum,
Fecha de producción, publicación, distribución, fabricación o copyright [2005]
300 ## - DESCRIPCIÓN FÍSICA
Extensión 59 páginas :
Otras características físicas ilustraciones, retratos
336 ## - TIPO DE CONTENIDO
Término de tipo de contenido texto
Fuente rdacontent
337 ## - TIPO DE MEDIO
Nombre/término del tipo de medio sin medio
Fuente rdamedia
338 ## - TIPO DE SOPORTE
Nombre/término del tipo de soporte volumen
Fuente rdacarrier
600 #1 - PUNTO DE ACCESO ADICIONAL DE MATERIA--NOMBRE DE PERSONA
Nombre de persona Campos, María Aurora
Subdivisión general Crítica e interpretación
9 (RLIN) 32246
700 #1 - PUNTO DE ACCESO ADICIONAL--NOMBRE DE PERSONA
Nombre de persona González, Eugenia,
Término indicativo de función/relación editor
9 (RLIN) 32247
700 #1 - PUNTO DE ACCESO ADICIONAL--NOMBRE DE PERSONA
Nombre de persona García Pablo / Retorno Tassier
Término indicativo de función/relación Diseño
9 (RLIN) 32248
700 #1 - PUNTO DE ACCESO ADICIONAL--NOMBRE DE PERSONA
Nombre de persona Escamilla Denise
Término indicativo de función/relación Fotografía de proyectos
9 (RLIN) 32249
700 #1 - PUNTO DE ACCESO ADICIONAL--NOMBRE DE PERSONA
Nombre de persona Díaz de Casanova Mariana
Término indicativo de función/relación Corrección de estilo
9 (RLIN) 32250
700 #1 - PUNTO DE ACCESO ADICIONAL--NOMBRE DE PERSONA
Nombre de persona Martínez Víctor
Término indicativo de función/relación Ilustración pag 2
9 (RLIN) 32251
700 #1 - PUNTO DE ACCESO ADICIONAL--NOMBRE DE PERSONA
Nombre de persona Comité XV Premio Quórum
Término indicativo de función/relación Edición
9 (RLIN) 32252
700 #1 - PUNTO DE ACCESO ADICIONAL--NOMBRE DE PERSONA
Nombre de persona CENVEO Houston & Los Angeles
Término indicativo de función/relación Impresión
9 (RLIN) 32253
942 ## - ELEMENTOS DE PUNTO DE ACCESO ADICIONAL (KOHA)
Fuente del sistema de clasificación o colocación Library of Congress Classification
Tipo de ítem Koha Libros
Suprimir en OPAC 1
Holdings
Estado de retiro Estado de pérdida Fuente del sistema de clasificación o colocación Estado dañado No para préstamo Localización permanente Ubicación/localización actual Fecha de adquisición Total de préstamos Signatura topográfica completa Código de barras Fecha visto por última vez Número de copia Precio válido a partir de Tipo de ítem Koha
El ejemplar forma parte de la colección y puede ser consultado según las políticas vigentes.   Library of Congress Classification     Biblioteca de Diseño Museo Franz Mayer Biblioteca de Diseño Museo Franz Mayer 07/05/2026   NK1414.Z9 C36 BDIMFM000323 07/05/2026 Ej.1 07/05/2026 Libros
El ejemplar forma parte de la colección y puede ser consultado según las políticas vigentes.   Library of Congress Classification     Biblioteca de Diseño Museo Franz Mayer Biblioteca de Diseño Museo Franz Mayer 07/05/2026   NK1414.Z9 C36 BDIMFM000320 07/05/2026 Ej.2 07/05/2026 Libros